| 000 | 00417nam a2200157Ia 4500 | ||
|---|---|---|---|
| 008 | 210210b1987 xxu||||| |||| 00| 0 eng d | ||
| 020 | _a81 207 715 X | ||
| 082 | _a321.8 BHAW | ||
| 100 | _aBHAGWAN (Vishnoo) and BHUSHAN (Vidya). | ||
| 245 | _aWorld constitutions. | ||
| 250 | _a | ||
| 260 |
_aBangalore _bSterling Publishing Pvt Ltd. _c1987 |
||
| 300 | _aix,78... | ||
| 690 | _aModern Governments | ||
| 906 | _a041338 | ||
| 999 |
_c91074 _d91074 |
||